NBA Nicknames-Modern - Statistics

General Stats
  • This quiz has been taken 16 times
  • The average score is 20 of 30
Answer Stats
Hint Answer % Correct
AD Anthony Davis
100%
CP3 Chris Paul
92%
Greek Freak Giannis Antetokounmpo
92%
The Beard James Harden
92%
Black Mamba Kobe Bryant
92%
The Joker Nikola Jokic
92%
Dame Time Damian Lillard
85%
Spida Donovan Mitchell
85%
Superman Dwight Howard
85%
Jimmy Buckets Jimmy Butler
85%
Slim Reaper Kevin Durant
85%
Uncle Drew Kyrie Irving
85%
PG-13 Paul George
85%
Ice Trae Trae Young
85%
The Claw Kawhi Leonard
77%
The King LeBron James
77%
Chef Curry Steph Curry
77%
The Process Joel Embiid
69%
Ben 10 Ben Simmons
62%
Boogie DeMarcus Cousins
62%
Brodie Russell Westbrook
62%
Spicy P Pascal Siakam
54%
CB4 Chris Bosh
38%
The Blue Arrow Jamal Murray
38%
Windy City Assassin Derrick Rose
31%
Hillbilly Kobe Austin Reaves
23%
Day-Day Draymond Green
23%
G12 Ja Morant
23%
Beyblade Julius Randle
23%
STAT Amar'e Stoudemire
0%
No matching quizzes found
Score Distribution
Percent of People with Each Score
Percentile by Number Answered
Your Score History
You have not taken this quiz